000 00235nam a2200109 4500
001 16465
090 _a16465
100 _a20260129 pory50
200 _aA voz lĂ­rica do Alentejo
215 _aVol. 2
801 _aPT
_bBMA
_gRPC
990 _cLIVROS